| 000 | 00643nam a2200217Ia 4500 | ||
|---|---|---|---|
| 008 | 220216s9999 xx 000 0 und d | ||
| 100 | _aGeetha N | ||
| 245 | 0 | _aChanges in the biochemistry of leaves of tapped and untapped trees of Hevea brasiliensis during refoliation, maturation and wintering | |
| 260 |
_bIndian Journal of Natural Rubber Research _c2003 |
||
| 300 | _a85-92 | ||
| 650 | _aAgeing | ||
| 650 | _aHevea brasiliensis | ||
| 650 | _aMalondialdehyde | ||
| 650 | _aMembrane damage | ||
| 650 | _aOxidative stress | ||
| 650 | _aSenescene | ||
| 650 | _aTapping | ||
| 650 | _aWintering | ||
| 700 | _aJacob J | ||
| 942 | _cJS | ||
| 999 |
_c55330 _d55330 |
||